000 00578 a2200169 4500
001 ART_47889
005 20260410161721.0
008 260409a
245 1 0 _aTratamientos alternativos discrecionales previstos en las Normas Internacionales de Información Financiera (NIIF)
100 1 _aQuadro, Martín E.
700 1 _aWerbin, Eliana M.
700 1 _aBertoldi, Norma
700 1 _aPriotto, Hugo C.
700 1 _aVeteri, Liliana J.
700 1 _aPellegrinet, Mariano
773 0 _tContabilidad y auditoría
_g- Año 24, Nº 47 (jun. 2018)
_wREV1723
999 _c17004
_d17004